Juanito Valderrama (Record no. 189024)
[ view plain ]
| 000 -LEADER | |
|---|---|
| campo de control de longitud fija | 01115nam a2200313 i 4500 |
| 001 - NÚMERO DE CONTROL | |
| campo de control | 189024 |
| 003 - IDENTIFICADOR DE NÚMERO DE CONTROL | |
| campo de control | SpMaBN |
| 005 - FECHA Y HORA DE LA ÚLTIMA TRANSACCIÓN | |
| campo de control | 20240103104040.0 |
| 008 - DATOS DE LONGITUD FIJA--INFORMACIÓN GENERAL | |
| campo de control de longitud fija | 190321s2002 sp co |||| |bspa d |
| 020 ## - NÚMERO INTERNACIONAL ESTÁNDAR DEL LIBRO | |
| Número Internacional Estándar del Libro | 84-9734-036-1 |
| 080 ## - NÚMERO DE LA CLASIFICACIÓN DECIMAL UNIVERSAL | |
| Número de la Clasificación Decimal Universal | 929 Valderrama, Juanito |
| 100 1# - ENTRADA PRINCIPAL--NOMBRE DE PERSONA | |
| Nombre de persona | Burgos, Antonio. |
| 9 (RLIN) | 32645 |
| 245 10 - MENCIÓN DEL TÍTULO | |
| Título | Juanito Valderrama |
| Resto del título | : mi España querida / |
| Mención de responsabilidad, etc. | Antonio Burgos ; [prólogo de Joan Manuel Serrat]. |
| 250 ## - MENCION DE EDICION | |
| Mención de edición | 1ª ed. |
| 260 ## - PUBLICACIÓN, DISTRIBUCIÓN, ETC. | |
| Lugar de publicación, distribución, etc. | Madrid : |
| Nombre del editor, distribuidor, etc. | La Esfera de los Libros, |
| Fecha de publicación, distribución, etc. | 2002. |
| 300 ## - DESCRIPCIÓN FÍSICA | |
| Extensión | 591 p. : |
| Otras características físicas | retr., fotos ; |
| Dimensiones | 25 cm. |
| 490 1# - MENCIÓN DE SERIE | |
| Mención de serie | La Esfera biografías |
| 500 ## - NOTA GENERAL | |
| Nota general | Cronología. |
| 500 ## - NOTA GENERAL | |
| Nota general | Índices. |
| 504 ## - NOTA DE BIBLIOGRAFÍA, ETC. | |
| Nota de bibliografía, etc. | Bibliografía: p. 579-580. |
| 600 17 - PUNTO DE ACCESO ADICIONAL DE MATERIA--NOMBRE DE PERSONA | |
| Nombre de persona | Valderrama, Juanito. |
| 9 (RLIN) | 112493 |
| 700 1# - ENTRADA AGREGADA--NOMBRE PERSONAL | |
| Nombre de persona | Serrat, Joan Manuel, |
| Fechas asociadas al nombre | 1943- |
| 9 (RLIN) | 105814 |
| 830 0# - PUNTO DE ACCESO ADICIONAL DE SERIE-TÍTULO UNIFORME | |
| Título uniforme | La Esfera biografías |
| 9 (RLIN) | 193250 |
| 852 ## - LOCALIZACIÓN | |
| Ubicación | ES-MaACL |
| Número de control de estantería | A-14414 |
| itemnumber | 196160 |
| Sublocalización o colección | R.151764 |
| Ubicación en estantería | Depósito 1 |
| Signatura antigua | Olim: N-7414 |
| Donativo/Legado | Donación: José Lázaro García |
| Encuadernación | Encuadernación en cartoné |
| 903 ## - NOMBRE PERSONAL DE DONANTE | |
| 9 | 234219 |
| a | Lázaro García, José |
| e | Donante |
| 942 ## - ELEMENTOS DE ENTRADA SECUNDARIOS (KOHA) | |
| Fuente del sistema de clasificación o colocación | Clasificación decimal universal |
| Tipo de ítem Koha | Libro impreso |
| Estatus retirado | Estado de pérdida | Fuente del sistema de clasificación o colocación | Estado de daño | No para préstamo | Biblioteca de origen | Biblioteca actual | Ubicación en estantería | Fecha de adquisición | Fuente de adquisición | Total de préstamos | Signatura topográfica completa | Código de barras | Visto por última vez | Precio de reemplazo | Tipo de ítem Koha |
|---|---|---|---|---|---|---|---|---|---|---|---|---|---|---|---|
| Clasificación decimal universal | Biblioteca del Ateneo de Madrid | Biblioteca del Ateneo de Madrid | Depósito 1 | 21/03/2019 | Donación | A-14414 | 1200192 | 23/02/2023 | 23/02/2023 | Libro impreso |
